Slavery and the birth of an African city : (Record no. 130406)
[ view plain ]
| 000 -LEADER | |
|---|---|
| fixed length control field | 02383cam a22004214a 4500 |
| 001 - CONTROL NUMBER | |
| control field | 14633200 |
| 003 - CONTROL NUMBER IDENTIFIER | |
| control field | ARRUPE |
| 005 - DATE AND TIME OF LATEST TRANSACTION | |
| control field | 20200312124118.0 |
| 008 - FIXED-LENGTH DATA ELEMENTS--GENERAL INFORMATION | |
| fixed length control field | 061114s2007 inub b s001 0 eng |
| 010 ## - LIBRARY OF CONGRESS CONTROL NUMBER | |
| LC control number | 2006037963 |
| 020 ## - INTERNATIONAL STANDARD BOOK NUMBER | |
| International Standard Book Number | 9780253348845 (cloth) |
| 020 ## - INTERNATIONAL STANDARD BOOK NUMBER | |
| International Standard Book Number | 0253348846 (cloth) |
| 040 ## - CATALOGING SOURCE | |
| Original cataloging agency | DLC |
| Transcribing agency | DLC |
| Modifying agency | DLC |
| 043 ## - GEOGRAPHIC AREA CODE | |
| Geographic area code | f-nr--- |
| -- | e-uk--- |
| -- | f------ |
| 050 00 - LIBRARY OF CONGRESS CALL NUMBER | |
| Classification number | HT1394.L34 |
| Item number | M36 2007 |
| 082 00 - DEWEY DECIMAL CLASSIFICATION NUMBER | |
| Classification number | 306.3/6209669109033 |
| Edition number | 22 |
| 300 ## - PHYSICAL DESCRIPTION | |
| Other physical details | maps ; |
| Dimensions | 25 cm. |
| 100 1# - MAIN ENTRY--PERSONAL NAME | |
| Personal name | Mann, Kristin, |
| Dates associated with a name | 1946- |
| 9 (RLIN) | 49640 |
| 245 10 - TITLE STATEMENT | |
| Title | Slavery and the birth of an African city : |
| Remainder of title | Lagos, 1760-1900 / |
| Statement of responsibility, etc | Kristin Mann. |
| 260 ## - PUBLICATION, DISTRIBUTION, ETC. (IMPRINT) | |
| Place of publication, distribution, etc | Bloomington, Ind. : |
| Name of publisher, distributor, etc | Indiana University Press, |
| Date of publication, distribution, etc | c2007. |
| 300 ## - PHYSICAL DESCRIPTION | |
| Extent | xii, 473 p. : |
| 504 ## - BIBLIOGRAPHY, ETC. NOTE | |
| Bibliography, etc | Includes bibliographical references (p. [423]-457) and index. |
| 505 0# - FORMATTED CONTENTS NOTE | |
| Formatted contents note | The rise of Lagos as an Atlantic port, c. 1760-1851 -- Trade, oligarchy, and the transformation of the precolonial state -- The original sin : anti-slavery, imperial expansion, and early colonial rule -- Innocent commerce : boom and bust in the palm produce trade -- Britain and domestic slavery -- Redefining the owner-slave relationship : work, ideology, and the demand for people -- The changing meaning of land in the urban economy and culture -- Strategies of struggle and mechanisms of control : quotidian conflicts and court cases. |
| 650 #0 - SUBJECT ADDED ENTRY--TOPICAL TERM | |
| Topical term or geographic name as entry element | Slave trade |
| Geographic subdivision | Nigeria |
| -- | Lagos |
| General subdivision | History |
| Chronological subdivision | 18th century. |
| 9 (RLIN) | 49641 |
| 650 #0 - SUBJECT ADDED ENTRY--TOPICAL TERM | |
| Topical term or geographic name as entry element | Slave trade |
| Geographic subdivision | Nigeria |
| -- | Lagos |
| General subdivision | History |
| Chronological subdivision | 19th century. |
| 9 (RLIN) | 49642 |
| 650 #0 - SUBJECT ADDED ENTRY--TOPICAL TERM | |
| Topical term or geographic name as entry element | Slave trade |
| Geographic subdivision | Great Britain |
| General subdivision | History |
| Chronological subdivision | 18th century. |
| 9 (RLIN) | 17525 |
| 650 #0 - SUBJECT ADDED ENTRY--TOPICAL TERM | |
| Topical term or geographic name as entry element | Slave trade |
| Geographic subdivision | Great Britain |
| General subdivision | History |
| Chronological subdivision | 19th century. |
| 9 (RLIN) | 49643 |
| 651 #0 - SUBJECT ADDED ENTRY--GEOGRAPHIC NAME | |
| Geographic name | Lagos (Nigeria) |
| General subdivision | History |
| Chronological subdivision | 18th century. |
| 9 (RLIN) | 49644 |
| 651 #0 - SUBJECT ADDED ENTRY--GEOGRAPHIC NAME | |
| Geographic name | Lagos (Nigeria) |
| General subdivision | History |
| Chronological subdivision | 19th century. |
| 9 (RLIN) | 49645 |
| 651 #0 - SUBJECT ADDED ENTRY--GEOGRAPHIC NAME | |
| Geographic name | Lagos (Nigeria) |
| General subdivision | Commerce |
| -- | History |
| Chronological subdivision | 18th century. |
| 9 (RLIN) | 49646 |
| 651 #0 - SUBJECT ADDED ENTRY--GEOGRAPHIC NAME | |
| Geographic name | Lagos (Nigeria) |
| General subdivision | Commerce |
| -- | History |
| Chronological subdivision | 19th century. |
| 9 (RLIN) | 49647 |
| 651 #0 - SUBJECT ADDED ENTRY--GEOGRAPHIC NAME | |
| Geographic name | Great Britain |
| General subdivision | Commerce |
| -- | History. |
| 9 (RLIN) | 49648 |
| 651 #0 - SUBJECT ADDED ENTRY--GEOGRAPHIC NAME | |
| Geographic name | Great Britain |
| General subdivision | Colonies |
| Geographic subdivision | Africa. |
| 9 (RLIN) | 21881 |
| 856 41 - ELECTRONIC LOCATION AND ACCESS | |
| Materials specified | Table of contents only |
| Uniform Resource Identifier | <a href="http://www.loc.gov/catdir/toc/ecip075/2006037963.html">http://www.loc.gov/catdir/toc/ecip075/2006037963.html</a> |
| 856 42 - ELECTRONIC LOCATION AND ACCESS | |
| Materials specified | Book review (H-Net) |
| Uniform Resource Identifier | <a href="http://www.h-net.org/review/hrev-a0f7r0-aa">http://www.h-net.org/review/hrev-a0f7r0-aa</a> |
| 906 ## - LOCAL DATA ELEMENT F, LDF (RLIN) | |
| a | 7 |
| b | cbc |
| c | orignew |
| d | 1 |
| e | ecip |
| f | 20 |
| g | y-gencatlg |
| 942 ## - ADDED ENTRY ELEMENTS (KOHA) | |
| Source of classification or shelving scheme | Library of Congress Classification |
| Koha item type | Monograph ( Printed materials) |
| Withdrawn status | Lost status | Source of classification or shelving scheme | Damaged status | Not for loan | Collection code | Home library | Current library | Shelving location | Date acquired | Total Checkouts | Full call number | Barcode | Date last seen | Price effective from | Koha item type |
|---|---|---|---|---|---|---|---|---|---|---|---|---|---|---|---|
| Library of Congress Classification | Main Collection | ARRUPE LIBRARY | ARRUPE LIBRARY | Main Collection | 12/03/2020 | HT1394.L34 M36 2007 | 46600006730 | 12/03/2020 | 12/03/2020 | Monograph ( Printed materials) |